000 00281nam a22001337a 4500
008 180806b xxu||||| |||| 00| 0 eng d
082 _a813.52
245 _aListen
_cKerman,J
260 _c2000
300 _a3
_fCD
440 _x9781572597969
760 _b4th
942 _2ddc
_cMX
999 _c46841
_d46841